| 000 | 00405nam a22001697a 4500 | ||
|---|---|---|---|
| 005 | 20180820144441.0 | ||
| 008 | 160622b xxu||||| |||| 00| 0 eng d | ||
| 020 | _a0-07-049538-6 | ||
| 041 | _aeng | ||
| 082 |
_b9153 _a658.4012 |
||
| 100 |
_aThompson and Strickland _92474 |
||
| 245 | _aStrategic Management | ||
| 260 |
_bTMH _c2004 _aDELHI |
||
| 300 | _ac-788 | ||
| 650 |
_aManagement _9241 |
||
| 942 | _cBK | ||
| 999 |
_c3517 _d3516 |
||